[Event "IECC M1-2013.T039"]
[Site "IECC email"]
[Date "2013.04.29"]
[Round "?"]
[White "Gurgui, Dan Constantin"]
[Black "Haber, Aurelio T"]
[Result "0-1"]
[WhiteElo "1333"]
[BlackElo "1773"]
[PlyCount "65"]
[EventDate "2013.??.??"]
[EventType "match (corr)"]
[EventRounds "2"]
[SourceTitle "Telechess CBM 165"]
[Source "ChessBase"]
[SourceDate "2015.03.11"]
[SourceVersion "1"]
[SourceVersionDate "2015.03.11"]
[SourceQuality "1"]
[BlackTeam "Philippines"]
[BlackTeamCountry "PHI"]

1. e4 c5 2. d3 Nc6 3. Be3 e6 4. f4 Qb6 5. b3 d5 6. c3 Be7 7. Nf3 Nf6 8. Nbd2 0-0 9. d4 dxe4 10. Ne5 Nd5 11. Ndc4 Qc7 12. Qe2 cxd4 13. Nxc6 Bh4+ 14. g3 dxe3 15. Nxe3 bxc6 16. Nxd5 exd5 17. gxh4 Qe7 18. Qf2 e3 19. Qg3 Qc5 20. Rc1 Bf5 21. Rg1 g6 22. b4 Qe7 23. Be2 a5 24. a3 axb4 25. axb4 Ra2 26. h5 d4 27. Bc4 Rd2 28. hxg6 hxg6 29. Qg5 Qe4 30. cxd4 Rc2 31. Rxc2 Qxc2 32. Be2 Qc1+ 33. Bd1 0-1

[Event "IECC KO-3085"]
[Site "IECC email"]
[Date "2013.01.26"]
[Round "?"]
[White "Basson, Heinrich"]
[Black "Haber, Aurelio T"]
[Result "1/2-1/2"]
[WhiteElo "1809"]
[BlackElo "1680"]
[PlyCount "66"]
[EventDate "2013.??.??"]
[EventType "match (corr)"]
[EventRounds "2"]
[SourceTitle "Telechess CBM 165"]
[Source "ChessBase"]
[SourceDate "2015.03.11"]
[SourceVersion "1"]
[SourceVersionDate "2015.03.11"]
[SourceQuality "1"]
[WhiteTeam "South Africa"]
[BlackTeam "Philippines"]
[WhiteTeamCountry "RSA"]
[BlackTeamCountry "PHI"]

1. d4 d5 2. c4 c6 3. Nc3 Nf6 4. Nf3 dxc4 5. a4 Bf5 6. e3 e6 7. Bxc4 Nbd7 8. 0-0 Be7 9. Be2 0-0 10. Nh4 a5 11. Nxf5 exf5 12. Qc2 g6 13. Bd2 Nb6 14. Rac1 Bb4 15. Rfd1 Qe7 16. Bd3 Kg7 17. Ne2 Bxd2 18. Rxd2 Nbd5 19. Nc3 Nb4 20. Qb3 Rad8 21. Bc4 Ne4 22. Rdd1 Rd7 23. Ne2 Rb8 24. Nf4 g5 25. Nh5+ Kg6 26. Ng3 Rbd8 27. Re1 h5 28. Ne2 h4 29. h3 Nd2 30. Qd1 Nxc4 31. Rxc4 Qe6 32. Rc5 b6 33. Rc1 f6 1/2-1/2

[Event "IECC KO-3085"]
[Site "IECC email"]
[Date "2013.01.26"]
[Round "?"]
[White "Haber, Aurelio T"]
[Black "Basson, Heinrich"]
[Result "1-0"]
[WhiteElo "1657"]
[BlackElo "1838"]
[PlyCount "55"]
[EventDate "2013.??.??"]
[EventType "match (corr)"]
[EventRounds "2"]
[SourceTitle "Telechess CBM 165"]
[Source "ChessBase"]
[SourceDate "2015.03.11"]
[SourceVersion "1"]
[SourceVersionDate "2015.03.11"]
[SourceQuality "1"]
[WhiteTeam "Philippines"]
[BlackTeam "South Africa"]
[WhiteTeamCountry "PHI"]
[BlackTeamCountry "RSA"]

1. e4 d5 2. exd5 Qxd5 3. Nf3 Qa5 4. Be2 c6 5. 0-0 Nf6 6. d4 Bf5 7. Bf4 e6 8. Nh4 Bg6 9. Nd2 Nbd7 10. Nc4 Qd5 11. Ne3 Qa5 12. c3 Qd8 13. Qb3 Nb6 14. a4 Nh5 15. Nxg6 hxg6 16. Be5 Qc8 17. a5 Nd7 18. a6 b5 19. Rfd1 Nxe5 20. dxe5 Bc5 21. c4 Nf4 22. Bf3 Rb8 23. cxb5 Nd5 24. Nxd5 cxd5 25. Rac1 Qc7 26. Bxd5 Qxe5 27. g3 Qh5 28. h4 1-0

[Event "IECC M1-2012.T080"]
[Site "IECC email"]
[Date "2012.12.08"]
[Round "?"]
[White "Basson, Heinrich"]
[Black "Haber, Aurelio T"]
[Result "1/2-1/2"]
[WhiteElo "1803"]
[BlackElo "1686"]
[PlyCount "84"]
[EventDate "2012.??.??"]
[EventType "match (corr)"]
[EventRounds "2"]
[SourceTitle "Telechess CBM 165"]
[Source "ChessBase"]
[SourceDate "2015.03.11"]
[SourceVersion "1"]
[SourceVersionDate "2015.03.11"]
[SourceQuality "1"]
[WhiteTeam "South Africa"]
[BlackTeam "Philippines"]
[WhiteTeamCountry "RSA"]
[BlackTeamCountry "PHI"]

1. d4 d5 2. c4 e6 3. Nc3 Nf6 4. Nf3 Bb4 5. Qc2 c5 6. e3 0-0 7. Be2 cxd4 8. exd4 dxc4 9. 0-0 Nc6 10. Rd1 Na5 11. Bg5 Be7 12. Ne5 b6 13. Nxc4 Nxc4 14. Bxc4 Bb7 15. Rac1 h6 16. Bh4 Rc8 17. Qe2 Nh5 18. Bxe7 Qxe7 19. Ba6 Nf4 20. Qg4 Bxa6 21. Qxf4 Qb4 22. Rc2 Rfd8 23. f3 Qf8 24. Qg3 Rd7 25. Rcd2 Qe7 26. f4 Bc4 27. Qg4 Qd8 28. f5 b5 29. Ne4 exf5 30. Qxf5 Bxa2 31. Qxb5 Bd5 32. Nc3 Bc4 33. Qe5 Re7 34. Qg3 Qb6 35. Re1 Rxe1+ 36. Qxe1 Rc6 37. Qe8+ Kh7 38. Qe4+ g6 39. Qe7 Rf6 40. h3 Rf4 41. Qc5 Qe6 42. Qe5 Qxe5 1/2-1/2

[Event "IECC M1-2012.T079"]
[Site "IECC email"]
[Date "2012.12.08"]
[Round "?"]
[White "Haber, Aurelio T"]
[Black "Gurgui, Dan Constantin"]
[Result "1-0"]
[WhiteElo "1651"]
[BlackElo "1398"]
[PlyCount "73"]
[EventDate "2012.??.??"]
[EventType "match (corr)"]
[EventRounds "2"]
[SourceTitle "Telechess CBM 165"]
[Source "ChessBase"]
[SourceDate "2015.03.11"]
[SourceVersion "1"]
[SourceVersionDate "2015.03.11"]
[SourceQuality "1"]
[WhiteTeam "Philippines"]
[WhiteTeamCountry "PHI"]

1. e4 Nc6 2. d4 d5 3. exd5 Qxd5 4. Nf3 Bg4 5. Nc3 Qa5 6. Be2 0-0-0 7. Be3 Nf6 8. 0-0 e5 9. d5 Nxd5 10. Nxd5 Rxd5 11. Nd2 Bxe2 12. Qxe2 Qa4 13. b3 Qb5 14. Nc4 Nd4 15. Qd1 f5 16. a4 Qd7 17. Nxe5 Rxe5 18. Qxd4 Qxd4 19. Bxd4 Re2 20. Rfe1 Rxc2 21. Re8+ Kd7 22. Ra8 c5 23. Be3 Rc3 24. Rb1 a6 25. g3 Kc6 26. Bf4 Rd3 27. Rc8+ Kd7 28. Rc7+ Kd8 29. Rxb7 Rg8 30. Re1 h6 31. Rb8+ Kd7 32. Ree8 g5 33. Rbd8+ Kc6 34. Rxd3 gxf4 35. Rdd8 fxg3 36. Rxf8 gxh2+ 37. Kxh2 1-0

[Event "IECC CL4-2012.03 email"]
[Site "IECC email"]
[Date "2012.05.11"]
[Round "?"]
[White "Haber, Aurelio T"]
[Black "Walsh, Kevin"]
[Result "1-0"]
[WhiteElo "1584"]
[BlackElo "1641"]
[PlyCount "83"]
[EventDate "2012.??.??"]
[EventType "tourn (corr)"]
[EventRounds "4"]
[SourceTitle "Telechess CBM 165"]
[Source "ChessBase"]
[SourceDate "2015.03.11"]
[SourceVersion "1"]
[SourceVersionDate "2015.03.11"]
[SourceQuality "1"]
[WhiteTeam "Philippines"]
[BlackTeam "Ireland"]
[WhiteTeamCountry "PHI"]
[BlackTeamCountry "IRL"]

1. e4 d6 2. d4 Nf6 3. Nc3 c6 4. Bg5 Nbd7 5. f3 e5 6. Qd2 Be7 7. 0-0-0 b5 8. Kb1 0-0 9. Nh3 Rb8 10. Nf2 a5 11. Be2 b4 12. Na4 Nb6 13. Nxb6 Qxb6 14. dxe5 dxe5 15. Bc4 a4 16. Nd3 Rd8 17. Qe3 Qxe3 18. Bxe3 Nd7 19. Rhf1 Rf8 20. f4 exf4 21. Rxf4 Bg5 22. Rxf7 Bxe3 23. Rxd7+ Kh8 24. Rd6 Bg4 25. Re1 Bd2 26. Rh1 Rbc8 27. e5 a3 28. e6 Bg5 29. Ne5 Bf4 30. e7 Bxe5 31. exf8Q+ Rxf8 32. Rxc6 Bxb2 33. Rf1 Re8 34. h3 Bf5 35. g4 Bg6 36. h4 Rd8 37. h5 Be4 38. Re6 Bg2 39. Rfe1 h6 40. Re8+ Rxe8 41. Rxe8+ Kh7 42. Bg8+ 1-0